=LDR 00000nam 2200000 4500 =001 INLIS000000000019439 =005 20150314104126.0 =006 =007 =008 Ind =035 ##$$0010-061300000019439 =041 ##$$a Ind =082 ##$$a 808.301 092 =090 ##$$a 808.301 092, Ram t =100 ##$$a Rampan, Korrie Layur =245 ##$$a Tokoh-tokoh cerita pendek dunia, Korrie Layun Rampan ; editor, A. Ariobomo Nusantara =260 ##$$a 2005 $b Jakarta =300 ##$$a xviii, 233 hlm, ilus, 21 cm =650 ##$$a Cerita pendek-tokoh tokoh =700 ##$$a Nusantara, A. Ariobimo =850 ##$$a NBPNMAT =990 ##$$a 0001/BPAP-NTB/20142015